LEADER 03404nam 22006255 450 001 9910254875803321 005 20251030103839.0 010 $a9781137583253 010 $a1137583258 024 7 $a10.1057/978-1-137-58325-3 035 $a(CKB)3710000000734728 035 $a(DE-He213)978-1-137-58325-3 035 $a(MiAaPQ)EBC4720363 035 $a(Perlego)3495093 035 $a(EXLCZ)993710000000734728 100 $a20160630d2016 u| 0 101 0 $aeng 135 $aurnn|008mamaa 181 $ctxt$2rdacontent 182 $cc$2rdamedia 183 $acr$2rdacarrier 200 10$aSocial Welfare Functions and Development $eMeasurement and Policy Applications /$fby Nanak Kakwani, Hyun Hwa Son 205 $a1st ed. 2016. 210 1$aLondon :$cPalgrave Macmillan UK :$cImprint: Palgrave Macmillan,$d2016. 215 $a1 online resource (XXIX, 355 p. 35 illus.) 311 08$a9781137583246 311 08$a113758324X 320 $aIncludes bibliographical references and index. 327 $aIntroduction -- Applied social welfare functions -- Measuring social tension -- Relative deprivation and social groups -- Growth and shared prosperity -- Income inequality and social well-being -- Measuring equity in opportunity using social opportunity function -- Global poverty counts -- Measuring food insecurity: global estimates -- Social rate of return: a new tool for evaluating social programs. 330 $aNanak Kakwani and Hyu Hwa Son make use of social welfare functions to derive indicators of development relevant to specific social objectives, such as poverty- and inequality-reduction. Arguing that the measurement of development cannot be value-free, the authors assert that if indicators of development are to have policy relevance, they must be assessed on the basis of the social objectives in question. This study develops indicators that are sensitive to both the level and the distribution of individuals? capabilities. The idea of the social welfare function, defined in income space, is extended to the concept of the social well-being function, defined in capability space. Through empirical analysis from selected developing countries, with a particular focus on Brazil, the authors shape techniques appropriate to the analysis of development in different dimensions. The focus of this evidence-based policy analysis is to evaluate alternative policies affectingthe capacities of people to enjoy a better life. . 606 $aDevelopment economics 606 $aEconometrics 606 $aSocial choice 606 $aWelfare economics 606 $aPolitical planning 606 $aDevelopment Economics 606 $aEconometrics 606 $aSocial Choice and Welfare 606 $aPublic Policy 615 0$aDevelopment economics. 615 0$aEconometrics. 615 0$aSocial choice. 615 0$aWelfare economics. 615 0$aPolitical planning. 615 14$aDevelopment Economics. 615 24$aEconometrics. 615 24$aSocial Choice and Welfare. 615 24$aPublic Policy. 676 $a338.9 700 $aKakwani$b Nanak$4aut$4http://id.loc.gov/vocabulary/relators/aut$0249656 702 $aSon$b Hyun Hwa$4aut$4http://id.loc.gov/vocabulary/relators/aut 906 $aBOOK 912 $a9910254875803321 996 $aSocial Welfare Functions and Development$92240013 997 $aUNINA